00773nam a22002057a 450000500170000001000150001702000270003203500130005903700130007208200180008510000190010324501530012226000340027527000590030930000440036850000670041265000300047965000310050970000270054020160617113200.0 aENG-115267 a9789383098330c2500.00 aEN-98799 bDBAD/PUB a726.145095432 aMichell,George aTemple architecture and art of the early Chalukyas :cby George Michell ; edited by Shaurya Shaukat SircarbBadami, Mahakuta, Aihole, Pattadakal /  aNew DelhibNiyogi Booksc2014 aD-78,Okhla Industrial Area, Phase-IbNew Delhie110020 a256p. :bcol. ill.,maps,plansc30cm(Hb) aIncludes bibliographical references (pages 253-254) and index. a Architecture, Chalukyan. aTempleszIndiazKarnataka. aSircar,Shaurya Shaukat